تطور الأوضاع الثقافية في تركيا من عهد التنظيمات إلى عهد الجمهورية 1839-1990م (Record no. 26807)
[ view plain ]
| 000 -LEADER | |
|---|---|
| fixed length control field | 01053nam a2200217Ii 4500 |
| 003 - CONTROL NUMBER IDENTIFIER | |
| control field | JO-AjNU |
| 008 - FIXED-LENGTH DATA ELEMENTS--GENERAL INFORMATION | |
| fixed length control field | 230605s9999||||xx |||||||||||||| ||und|| |
| 020 ## - INTERNATIONAL STANDARD BOOK NUMBER | |
| International Standard Book Number | 1-56564-344-5 |
| 040 ## - CATALOGING SOURCE | |
| Original cataloging agency | JO-AjNU |
| Language of cataloging | ara |
| Description conventions | rda |
| Transcribing agency | JO-AjNU |
| 041 ## - LANGUAGE CODE | |
| Language code of text/sound track or separate title | ara |
| 050 14 - LIBRARY OF CONGRESS CALL NUMBER | |
| Classification number | DR565.S222 2010 |
| 100 3# - MAIN ENTRY--PERSONAL NAME | |
| Personal name | صابان، سهيل؛ تحرير ومراجعة عثمان علي, |
| Relator term | author |
| 9 (RLIN) | 52459 |
| 245 00 - TITLE STATEMENT | |
| Title | تطور الأوضاع الثقافية في تركيا من عهد التنظيمات إلى عهد الجمهورية 1839-1990م |
| 250 ## - EDITION STATEMENT | |
| Edition statement | ط1 |
| 264 31 - PRODUCTION, PUBLICATION, DISTRIBUTION, MANUFACTURE, AND COPYRIGHT NOTICE | |
| Place of production, publication, distribution, manufacture | الولايات المتحدة الامريكية: المعهد العالمي للفكر الاسلامي، 2010 |
| 300 ## - PHYSICAL DESCRIPTION | |
| Extent | 551ص |
| Other physical details | يشتمل على ببيلوغرافيا من ص521-544/ يشتمل على جداول |
| 336 ## - CONTENT TYPE | |
| Content type term | text |
| Content type code | txt |
| Source | rdacontent |
| 337 ## - MEDIA TYPE | |
| Media type term | unmediated |
| Media type code | n |
| Source | rdamedia |
| 338 ## - CARRIER TYPE | |
| Carrier type term | volume |
| Carrier type code | nc |
| Source | rdacarrier |
| 650 #4 - SUBJECT ADDED ENTRY--TOPICAL TERM | |
| Topical term or geographic name entry element | الثقافة - تركيا - قرون 19-20 - التعليم - تركيا - تاريخ - تركيا - الحياة الفكرية - قرن 20 |
| 9 (RLIN) | 52460 |
| Withdrawn status | Lost status | Source of classification or shelving scheme | Damaged status | Not for loan | Home library | Current library | Shelving location | Date acquired | Total Checkouts | Full call number | Barcode | Date last seen | Price effective from | Koha item type |
|---|---|---|---|---|---|---|---|---|---|---|---|---|---|---|
| Library of Congress Classification | مكتبة جامعة عجلون الوطنية | مكتبة جامعة عجلون الوطنية | المجموعات العامة | 06/06/2023 | DR565.S222 2010 | A23239 | 06/06/2023 | 06/06/2023 | Books |